| 000 | 00583nam a2200205Ia 4500 | ||
|---|---|---|---|
| 003 | GCL | ||
| 008 | 140319s9999 xx 000 0 ara d | ||
| 040 |
_aGCL / _cGCL |
||
| 082 | 0 | 4 |
_a404 _bل م |
| 100 | 1 | _aسعد مصلوح | |
| 245 | 1 | 0 |
_aمبادىء علم اصوات الكلام الاكوستيكى / _cسعد مصلوح |
| 700 | 1 | _aليفوجو، بيتر | |
| 700 | 1 | _aجلال شمس الدين | |
| 300 | _a161 ص | ||
| 490 |
_aكتاب _v0 |
||
| 650 | 0 | 4 | _aاللغة العربية |
| 650 | 0 | 4 | _aالاصوات |
| 650 | 0 | 4 | _aعلم الكلام |
| 942 |
_2ddc _cBK |
||
| 999 |
_c41277 _d41277 |
||